Connaissez-vous bien la France ? - Statistiques

Statistiques générales
  • Ce quiz a été pris 259 fois
  • Le résultat moyen est 11 sur 15
Statistiques - réponses
Hint Réponse % Correct
Combien de mers et d'océans bordent la France ? 4
95%
Quel est le plus haut sommet ? Mont Blanc
95%
Quel est le président actuel de la France (Avril 2024) ? Macron
93%
Combien de pays confinent-ils avec la France ? 10
92%
Combien y a-t-il de massifs montagneux en France ? 5
92%
Quelle est la lettre de l'alphabet la plus fréquente en français ? E
91%
Quel est le fleuve le plus long de France ? Loire
91%
Quelle est la marque de voiture française symbolisée par un lion ? Peugeot
90%
Combien y a-t-il de régions ? 13
81%
Combien de MILLIONS d'habitants y a-t-il en France ? 66
75%
Quelle est la seule ile française composée de 2 départements ? Corse
75%
Combien y a-t-il de départements (Avec les départements d'autre-mer) ? 101
74%
Quelle est la plus grande région française en superficie ? Nouvelle-Aquitaine
57%
Quelle est la couleur prédominante du drapeau français ? Aucune
23%
Quelle ile française n'est pas entourée d'eau ? L'ile de France
3%
Aucun quiz correspondant
Distribution des résultats
% des personnes avec chaque résultat
Percentile par nombre de réponses
Votre historique - résultats
Vous n’avez pas pris ce quiz